[Event "Reunion op 19th"]
[Site "St Denis"]
[Date "2017.10.17"]
[Round "3"]
[White "Andriandaza, Tombo Omar"]
[Black "Etheve, Lionel"]
[Result "1-0"]
[WhiteElo "1711"]
[BlackElo "1576"]
[PlyCount "139"]
[EventDate "2017.10.16"]
[EventType "swiss"]
[EventRounds "7"]
[EventCountry "RUF"]
[SourceTitle "CBM 181 Extra"]
[Source "ChessBase"]
[SourceDate "2017.12.12"]
[SourceVersion "1"]
[SourceVersionDate "2017.12.12"]
[SourceQuality "1"]

1. d4 d5 2. Nf3 Nf6 3. Bf4 e6 4. h3 Bd6 5. Ne5 Nbd7 6. Nd2 Bxe5 7. dxe5 Ng8 8. Nf3 Ne7 9. e3 b6 10. Bd3 c5 11. c3 Qc7 12. 0-0 Ng6 13. Kh1 Nxf4 14. exf4 Bb7 15. Ng5 g6 16. Qg4 Qc6 17. c4 d4 18. Be4 Qc8 19. Rfe1 Bxe4 20. Nxe4 0-0 21. Rad1 f5 22. exf6 Nxf6 23. Qf3 Nxe4 24. Rxe4 Qc6 25. Rde1 e5 26. Qg3 exf4 27. Qh4 Qf6 28. Qh6 Qg7 29. Qg5 Rf5 30. Re8+ Rxe8 31. Rxe8+ Rf8 32. Re7 Qf6 33. Qd5+ Kh8 34. Rxa7 f3 35. g3 Qf5 36. Qxf5 Rxf5 37. Re7 Rf6 38. Kg1 Kg8 39. Kf1 h5 40. Ke1 Kf8 41. Re4 Kf7 42. Kd2 Re6 43. Kd3 g5 44. g4 hxg4 45. hxg4 Rh6 46. Re5 Rh2 47. Rf5+ Kg6 48. Rxf3 Rg2 49. Ke4 Rxg4+ 50. Kd5 Rg1 51. Rd3 Re1 52. Rd2 Kf5 53. a3 Kf4 54. b4 cxb4 55. axb4 Rb1 56. b5 Kf3 57. Kxd4 g4 58. Kd5 Rf1 59. Kc6 Rxf2 60. Rd3+ Kf4 61. Kxb6 g3 62. Rxg3 Kxg3 63. c5 Rf6+ 64. c6 Kf4 65. Kb7 Ke5 66. c7 Rf7 67. Kc6 Rf6+ 68. Kc5 Rf8 69. b6 Rc8 70. Kc6 1-0

[Event "Reunion op 18th"]
[Site "St Denis"]
[Date "2016.10.13"]
[Round "6"]
[White "Etheve, Lionel"]
[Black "Triton, Maxime"]
[Result "0-1"]
[WhiteElo "1494"]
[BlackElo "1771"]
[PlyCount "70"]
[EventDate "2016.10.10"]
[EventType "swiss"]
[EventRounds "7"]
[EventCountry "RUF"]
[SourceTitle "CBM 175 Extra"]
[Source "ChessBase"]
[SourceDate "2016.12.12"]
[SourceVersion "1"]
[SourceVersionDate "2016.12.12"]
[SourceQuality "1"]

1. Nf3 d5 2. d4 Nf6 3. Nc3 e6 4. e3 c5 5. Bb5+ Bd7 6. Bxd7+ Nbxd7 7. Ne2 Bd6 8. Ng3 Qc7 9. c3 h5 10. dxc5 Nxc5 11. Nd4 a6 12. Nb3 h4 13. Ne2 Nce4 14. f3 Nc5 15. Nxc5 Bxc5 16. Nd4 Bd6 17. h3 0-0-0 18. Qb3 Bg3+ 19. Kd1 Nd7 20. Bd2 Nc5 21. Qc2 e5 22. Nb3 Kb8 23. Nxc5 Qxc5 24. Qf5 Qe7 25. Kc2 Rh6 26. e4 Rhd6 27. exd5 Rxd5 28. Be3 g6 29. Qg4 Qd6 30. Qb4 Qxb4 31. cxb4 Rc8+ 32. Kb1 Bf4 33. Bxf4 exf4 34. Rc1 Rd2 35. Rxc8+ Kxc8 0-1